Yo leo (Cuaderno 2). Método de alfabetización.

Gespeichert in:
Bibliographische Detailangaben
1. Verfasser: Francés Lafuente, Amando. Autor
Format: keine Angabe
Sprache:Spanisch
Erschienen: Granada Anel
Katalog:MANES:  Suchergebnis im Bibliothekskatalog
Schulbuchspezifische Eigenschaften:
Tags: Tag hinzufügen
Keine Tags, Fügen Sie den ersten Tag hinzu!
Hinzugefügt zu:26.04.2016
Geändert in:07.05.2025

MARC

LEADER 000000000a22000000004500
001 07642
003 OSt
005 20250507133320.0
008 160427s sp ||||| |||| 00| 0 spa d
040 |c centro_manes 
041 1 |a spa 
561 |5 es-CICE  |a España. Centro Internacional de la Cultura Escolar  |k MANES 
691 0 |a PRI 
100 1 |a Francés Lafuente, Amando. Autor  |9 3950 
245 0 0 |a Yo leo (Cuaderno 2). Método de alfabetización. 
260 3 |a Granada  |b Anel 
300 |a 60 p.  |c 31 x 21 cm 
330 |a 2 
500 |a nivel: Libro para la educación de adultos. 
690 0 |a LEN  |a EyL 
942 |2 ddc  |c BK 
546 |a España 
999 |c 13616  |d 13616 
999 |c manes:13616  |d 13616